AFL Coaches by Wins - Statistics

General Stats
  • This quiz has been taken 17 times
  • The average score is 10 of 21
Answer Stats
Team(s) Last Season coached Wins Answer % Correct
Geelong Active 212 Chris Scott
100%
Hawthorn/North Melbourne Active 218 Alastair Clarkson
89%
Sydney Active 194 John Longmire
89%
Footscray/West Coast/Collingwood/Carlton 2015 379 Mick Malthouse
89%
Essendon/GWS 2013 366 Kevin Sheedy
78%
Collingwood/Brisbane 2008 250 Leigh Matthews
78%
St Kilda/Fremantle Active 187 Ross Lyon
78%
West Coast/Essendon 2020 187 John Worsfold
67%
Melbourne/Carlton/North Melbourne/Sydney 1995 259 Ron Barassi
56%
Fitzroy/Melbourne/South Melbourne 1972 237 Norm Smith
44%
St Kilda/Hawthorn/Richmond 1992 335 Allan Jeans
33%
Hawthorn/Carlton/Fitzroy 2000 287 David Parkin
33%
Sydney/Bulldogs/Gold Coast 2017 178 Rodney Eade
33%
Richmon/Collingwood/Geelong/Sydney 1988 312 Tom Hafey
33%
Essendon 1960 254 Dick Reynolds
22%
Hawthorn/North Melbourne 1989 225 John Kennedy
22%
Collingwood 1949 440 Jock McHale
11%
Geelong 1959 175 Reg Hickey
11%
Richmond/Hawthorn/Carlton/St Kilda/Fitzroy 1942 193 Dan Minogue
0%
Richmond/Melbourne 1965 226 Frank Hughes
0%
Richmond/Carlton 1955 243 Perce Brentley
0%
No matching quizzes found
Score Distribution
Percent of People with Each Score
Percentile by Number Answered
Your Score History
You have not taken this quiz